000 00322nam a2200121Ia 4500
008 220204s9999 xx 000 0 und d
082 _a621.38(035)
_bFIN
245 0 _aElectronics engineers' handbook
260 _aNew york
_bMcGraw Hill
_c1975
700 _aFink, Donald G
700 _aMckenzie, Alexander A
942 _cBK
999 _c26972
_d26972